Statistics for German animal vocab 1 (German to English)

Click here to take the quiz!

General Stats

  • This quiz has been taken 862 times
  • The average score is 10 of 15

Answer Stats

HintAnswer% Correct
der HundDog
100%
die KatzeCat
99%
das SchweinPig
87%
das PferdHorse
85%
die Kuhcow
78%
die Wespewasp
78%
der Froschfrog
68%
die Schlangesnake
64%
die BieneBee
63%
das KaninchenRabbit
62%
der Fuchsfox
60%
die EnteDuck
57%
das SchafSheep
54%
die Euleowl
49%
die Schneckesnail
41%

Score Distribution

Percentile by Number Answered

Percent of People with Each Score

Your Score History

You have not taken this quiz